Sensors and Transducers / (Record no. 482)
[ view plain ]
| 000 -LEADER | |
|---|---|
| fixed length control field | 00396 a2200157 4500 |
| 008 - FIXED-LENGTH DATA ELEMENTS--GENERAL INFORMATION | |
| fixed length control field | 221006b ||||| |||| 00| 0 eng d |
| 020 ## - INTERNATIONAL STANDARD BOOK NUMBER | |
| International Standard Book Number | 9788120321984 |
| 082 00 - DEWEY DECIMAL CLASSIFICATION NUMBER | |
| Classification number | 681.2 |
| Item number | P3141 |
| 100 ## - MAIN ENTRY--PERSONAL NAME | |
| Personal name | Patranabis. D |
| 245 ## - TITLE STATEMENT | |
| Title | Sensors and Transducers / |
| 250 ## - EDITION STATEMENT | |
| Edition statement | 2nd ed. |
| 260 ## - PUBLICATION, DISTRIBUTION, ETC. (IMPRINT) | |
| Place of publication, distribution, etc | New Delhi: |
| Name of publisher, distributor, etc | PHI, |
| Date of publication, distribution, etc | 2015. |
| 300 ## - PHYSICAL DESCRIPTION | |
| Extent | xi, 335 p. |
| 650 #0 - SUBJECT ADDED ENTRY--TOPICAL TERM | |
| Topical term or geographic name as entry element | Transducers |
| 942 ## - ADDED ENTRY ELEMENTS (KOHA) | |
| Source of classification or shelving scheme | |
| Item type | Books |
| Withdrawn status | Lost status | Source of classification or shelving scheme | Damaged status | Not for loan | Permanent location | Current location | Date acquired | Source of acquisition | Cost, normal purchase price | Full call number | Barcode | Date last seen | Cost, replacement price | Koha item type |
|---|---|---|---|---|---|---|---|---|---|---|---|---|---|---|
| IMU Kolkata | IMU Kolkata | 2017-03-24 | Jyoti, the Book People | 198.00 | 681.2 P3141 | 12273 | 2019-09-30 | 275.00 | Books | |||||
| IMU Kolkata | IMU Kolkata | 2017-03-24 | Jyoti, the Book People | 198.00 | 681.2 P3141 | 12274 | 2019-09-30 | 275.00 | Books | |||||
| IMU Kolkata | IMU Kolkata | 2017-03-24 | Jyoti, the Book People | 198.00 | 681.2 P3141 | 12275 | 2019-09-30 | 275.00 | Books | |||||
| IMU Kolkata | IMU Kolkata | 2017-03-24 | Jyoti, the Book People | 198.00 | 681.2 P3141 | 12276 | 2019-09-30 | 275.00 | Books | |||||
| IMU Kolkata | IMU Kolkata | 2017-03-24 | Jyoti, the Book People | 198.00 | 681.2 P3141 | 12277 | 2019-09-30 | 275.00 | Books | |||||
| IMU Kolkata | IMU Kolkata | 2017-09-07 | Trio Enterprises | 198.00 | 681.2 P3141 | 12767 | 2019-10-21 | 275.00 | Books | |||||
| IMU Kolkata | IMU Kolkata | 2017-09-07 | Trio Enterprises | 198.00 | 681.2 P3141 | 12768 | 2019-10-21 | 275.00 | Books | |||||
| IMU Kolkata | IMU Kolkata | 2017-09-07 | Trio Enterprises | 198.00 | 681.2 P3141 | 12769 | 2019-10-21 | 275.00 | Books | |||||
| IMU Kolkata | IMU Kolkata | 2017-09-07 | Trio Enterprises | 198.00 | 681.2 P3141 | 12770 | 2019-10-21 | 275.00 | Books | |||||
| IMU Kolkata | IMU Kolkata | 2017-09-07 | Trio Enterprises | 198.00 | 681.2 P3141 | 12771 | 2019-10-21 | 275.00 | Books |